A new Cretaceous IGCP 463 inaugurating in Ancona, Italy the post-workshop field trip report

Bibliographic Details
Main Authors: Hu, Xiumian (Author), Sarti, Massimo (Author), Scott, Robert (Author), Wang, Chengshan (Author), Jansa, Luba (Author)
Format: Article
Language:Slovak
English
PhysicalDescription:Fotogr.
ISSN:1335-0552
Subjects:

MARC

LEADER 00000nab a2200000 a 4500
001 vtls000853508
003 SK-MaSNL
005 20260304132414.0
008 250429c2002 xo 0 slo
015 |a SNBRB2003/11-33353 
035 |a CLN000205163 
035 |a urn:nbn:sk:snk-ab78vc 
035 |a (uuid)309e5af0-9c10-4afe-8f9f-f36d3090389c 
035 |a (urnnbn)urn:nbn:sk:snk:ar-a077mo 
035 |a (sysno)vtls000853508 
040 |a SNKBUCL  |b slo  |c SNKBUCL  |e AACR2 
041 0 |a eng 
044 |a xo  |c SK 
080 |a 551.35:061.3  |2 1997 
080 |a 551.763.3  |2 1997 
245 0 0 |a A new Cretaceous IGCP 463 inaugurating in Ancona, Italy  |b the post-workshop field trip report  |c Xiumian Hu ... [et al.] 
300 |b Fotogr. 
610 7 |a Vrchnokriedové oceánske červené vrstvy: reakcia na globálnu zmenu oceánu/podnebia (projekt)  |2 snkbucl  |9 1429880 
650 0 7 |a sedimenty červené  |x zmeny klimatické  |2 snkbucl  |9 1447521 
650 0 7 |a vrchná krieda  |2 snkbucl  |9 112116 
655 7 |a články z novín a časopisov  |2 snkbucl  |9 267496 
655 7 |a projekty  |2 snkbucl  |9 70560 
700 1 |a Hu, Xiumian  |4 aut  |9 1447522 
700 1 |a Sarti, Massimo  |4 aut  |9 1447523 
700 1 |a Scott, Robert  |4 aut  |9 1447524 
700 1 |a Wang, Chengshan  |4 aut  |9 1447525 
700 1 |a Jansa, Luba  |4 aut  |9 1429879 
773 0 |t Geologica carpathica  |g Roč. 53, č. 6 (2002), s. [380]  |x 1335-0552 
850 |a Slovenská národná knižnica 
852 |a Slovenská národná knižnica 
958 |a article27 
958 |a OND 
958 |a EUIPO 
999 |c 2898913  |d 2900843